Identification of the key elements of the innovation strategy and proposal of the system for evaluation of readiness for its implementation in the enterprise

Podrobná identifikácia kľúčových prvkov vplývajúcich na inovačnú stratégiu. Návrh systému hodnotenia úrovne pripravenosti podnikov na zavádzanie inovačnej stratégie. Definovanie jednotlivých úrovní pripravenosti a základné hodnotiace oblasti a metodika postupu hodnotenia.

Na minha lista:
Detalhes bibliográficos
Autor principal: Lendel, Viliam
Outros Autores: Varmus, Michal
Formato: Capítulo de Livro
Idioma:inglês
Assuntos:
Tags: Adicionar Tag
Sem tags, seja o primeiro a adicionar uma tag!

MARC

LEADER 00000naa a2200000 4500
001 0123454
005 20231128130842.2
041 0 |a eng 
044 |a CZ 
245 1 0 |a Identification of the key elements of the innovation strategy and proposal of the system for evaluation of readiness for its implementation in the enterprise  |c Viliam Lendel, Michal Varmus 
520 |a Podrobná identifikácia kľúčových prvkov vplývajúcich na inovačnú stratégiu. Návrh systému hodnotenia úrovne pripravenosti podnikov na zavádzanie inovačnej stratégie. Definovanie jednotlivých úrovní pripravenosti a základné hodnotiace oblasti a metodika postupu hodnotenia. 
610 2 0 |a podnik 
610 2 0 |a manažment inovačný 
610 2 0 |a potenciál ľudský 
610 2 0 |a stratégia inovačná 
100 1 |a Lendel, Viliam 
700 1 |a Varmus, Michal